000 00538nam a22001937a 4500
999 _c526976
_d526976
003 NUST
005 20190718063326.0
008 190718b ||||| |||| 00| 0 eng d
038 _aFaiza
082 _a891.421
_bSAY
100 _aSayed Hussain Saeed
_918005
245 _aAhian wichon Nahian /
_cSayed Hussain Saeed
260 _aLahore:
_bRut Likha,
_c2003.
300 _a234p. ;
500 _apaper Cover
880 _6100-01\r
_aنجم حسین سید
880 _6245-02\r
_a /آہیاں وچوں ناہیاں
942 _2ddc
_cBK